Teorías del Derecho Penal

Gespeichert in:
Bibliographische Detailangaben
1. Verfasser: Vera, Robustiano (VerfasserIn)
Format: Buch
Sprache:Spanisch
Veröffentlicht: Santiago Imprenta de la República 1882
Ausgabe:2a. ed
Schlagworte:
Tags: Tag hinzufügen
Keine Tags, Fügen Sie den ersten Tag hinzu!

MARC

LEADER 00000nam a2200000 a 4500
001 UCJ4275
003 CL-VaPUC
008 070124e18821200CL |||||||||||||||||spa|d
082 0 4 |a Ch868  |b VER  |2 21 
100 0 |a Vera, Robustiano  |e author  |9 507636 
245 1 0 |a Teorías del Derecho Penal 
246 1 3 |a El Jeneral Frai José Félix Aldao o sea, el Fraile Aldao 
246 1 0 |a Don Bernardo O'Higgins, reseña histórica política 
246 1 0 |a Colección de artículos literarios compilados por Antonio Blest Infante 
250 |a 2a. ed 
300 |a pág. irreg 
942 |c BK 
945 |d 20070124 00:00:00  |a rinostro 
260 |a Santiago  |b Imprenta de la República  |c 1882 
500 |a Cuatro obras del mismo autor empastadas en un volumen; los datos corresponden a la primera 
650 0 |a Biografías  |9 255210 
650 7 |a DERECHO PENAL  |2 CL-VaPUC  |9 11 
650 0 |a Iconografía   |9 267998 
650 7 |a GUERRAS CIVILES  |2 CL-VaPUC  |9 361938 
651 0 |a Argentina  |9 254888 
651 7 |a CHILE  |2 CL-VaPUC  |9 507637 
583 |a last modification  |c 20170913 12:56:59  |k Rodrigo Vera 
999 |c 320392  |d 320390 
952 |0 0  |1 0  |4 0  |6 CH_868_000000000000000_VER_1882  |7 0  |8 X  |9 398905  |a FDOBUD  |b FDOBUD  |d 2019-11-22  |i 101613K  |o Ch868 VER 1882  |p 101613K  |r 2019-11-22  |w 2019-11-22  |y BK_X  |k BUD